Angels twenty / (Record no. 12748)
[ view plain ]
| 000 -LEADER | |
|---|---|
| fixed length control field | 00515nam a2200193 a 4500 |
| 020 ## - INTERNATIONAL STANDARD BOOK NUMBER | |
| ISBN | 070222555X |
| 040 ## - CATALOGING SOURCE | |
| Transcribing agency | GU |
| 082 00 - DEWEY DECIMAL CLASSIFICATION NUMBER | |
| Classification number | 940 UNI 1994 A099 Or. |
| 100 1# - MAIN ENTRY--AUTHOR NAME | |
| Personal name | Park, Edwards. |
| 245 10 - TITLE STATEMENT | |
| Title | Angels twenty / |
| 246 3# - VARYING FORM OF TITLE | |
| Title proper/short title | Angels 20 |
| 260 ## - PUBLICATION, DISTRIBUTION, ETC. (IMPRINT) | |
| Place of publication | St. Lucia, Qld. : |
| Name of publisher | University of Queensland Press, |
| Year of publication | 1994. |
| 300 ## - PHYSICAL DESCRIPTION | |
| Number of Pages | xiii, 196 p. ; |
| Other physical details | map ; |
| Dimensions | 20 cm. |
| 650 #0 - SUBJECT ADDED ENTRY--TOPICAL TERM | |
| Topical Term | World War, 1939-1945 |
| 650 #0 - SUBJECT ADDED ENTRY--TOPICAL TERM | |
| Topical Term | World War, 1939-1945 |
| 650 #0 - SUBJECT ADDED ENTRY--TOPICAL TERM | |
| Topical Term | World War, 1939-1945 |
| 650 #0 - SUBJECT ADDED ENTRY--TOPICAL TERM | |
| Topical Term | Air pilots, Military |
| 942 ## - ADDED ENTRY ELEMENTS (KOHA) | |
| Koha item type | សៀវភៅភាសាអង់គ្លេស |
| 952 ## - LOCATION AND ITEM INFORMATION (KOHA) | |
| Withdrawn status [LOCAL, KOHA] | 0 |
| Permanent Location | Date acquired | Koha item type | Lost status | Shelving location | Barcode | Current Location | Full call number |
|---|---|---|---|---|---|---|---|
| Library Block A | 2017-08-16 | សៀវភៅភាសាអង់គ្លេស | A099 | A17348 | Library Block A | 940 UNI 1994 A099 Or. |